| 000 | 01664cam a22004097a 4500 | ||
|---|---|---|---|
| 001 | data | ||
| 005 | 20260322212114.0 | ||
| 008 | data | ||
| 035 | _a12689092 | ||
| 906 |
_a7 _bcbc _ccopycat _d2 _eepcn _f20 _gy-gencatlg |
||
| 925 | 0 |
_aacquire _b1 shelf copy _xpolicy default |
|
| 010 | _a 2002102675 | ||
| 020 | _z0307021750 | ||
| 020 | _z9780307021755 | ||
| 035 | _a(OCoLC)52159404 | ||
| 040 |
_aORX _cORX _dDLC _dSINLB _dCNVPL _dAL5CO _dYDXCP _dIUI _dSINTU _dDLC |
||
| 042 | _alccopycat | ||
| 050 | 0 | 0 |
_aSF75.5 _b.W545 2003 |
| 082 | 0 | 4 |
_a[Fic] _222 |
| 100 | 1 | _aWilliams, Garth. | |
| 245 | 1 | 0 |
_aBaby farm animals / _cillustrated by Garth Williams. |
| 250 | _a1st Random House ed. | ||
| 260 |
_aNew York : _bGolden Book, _c[2003] |
||
| 300 |
_a1 v. (unpaged) : _bcol. ill. ; _c21 cm. |
||
| 336 |
_atext _btxt _2rdacontent |
||
| 337 |
_aunmediated _bn _2rdamedia |
||
| 338 |
_avolume _bnc _2rdacarrier |
||
| 500 | _a"A Little Golden book classic." | ||
| 520 | _aText and pictures introduce puppies, kids, chicks, piglets, and other baby animals to be found on a farm. | ||
| 650 | 0 |
_aDomestic animals _vJuvenile fiction. |
|
| 650 | 0 |
_aAnimals _xInfancy _vJuvenile fiction. |
|
| 650 | 1 |
_aAnimals _vFiction. |
|
| 655 | 7 |
_aFiction. _2lcgft _0https://id.loc.gov/authorities/genreForms/gf2014026339 |
|
| 655 | 7 |
_aFiction. _2lcgft _0https://id.loc.gov/authorities/genreForms/gf2014026339 |
|
| 999 |
_c1717 _d1717 |
||